000 nam a22 a 4500
999 _c2525
_d2525
005 20170517104301.0
008 170517b1996 cc ||||| |||| 00| 0 eng d
020 _a7119000705
040 _aAKMAL
082 _a615.82 PRA
090 _a615.82
_bPRA
245 _aPRACTICAL CHINESE QIGONG
_bFOR HOME HEALTH CARE
_cJIN CE, HU ZHANGGUI, JIN ZHENGHUA
260 _aCHINA
_bFOREIGN LANGUAGE PRESS
_c1996
300 _a233pg,;
_c30 cm
942 _2ddc
_cBOOK